MARC

LEADER 00000nam0a2200000 4500
001 32714
005 20231030205252.0
035 |a (RuTPU)RU\TPU\book\33016 
035 |a BOOK00000013 
090 |a 32714 
100 |a 20011210d1976 k y0rusy50 ca 
101 1 |a rus  |c eng 
102 |a RU 
105 |a y z 001zy 
200 1 |a Понятие лингвистической переменной и его применение к принятию приближенных решений  |e пер. с англ.  |f Л. Заде 
210 |a Москва  |c Мир  |d 1976 
215 |a 165 с. 
225 1 |a Новое в зарубежной науке  |v 3 
225 1 |a Математика 
320 |a Предм. указ.: с. 162-163. 
610 1 |a математика 
610 1 |a сложные ситуации 
610 1 |a неопределенные ситуации 
610 1 |a лингвистическая переменная 
610 1 |a искусственный язык 
610 1 |a приближенные решения 
610 1 |a принятие 
610 1 |a нечеткие множества 
610 1 |a приближенные рассуждения 
675 |a 519.65  |v 3 
675 |a 519.2  |v 3 
675 |a 519.81  |v 3 
700 1 |a Заде  |b Л. 
801 0 |a RU  |b 63413507  |c 20011210  |g PSBO 
801 2 |a RU  |b 63413507  |c 20141213  |g PSBO 
942 |c BK